Statistics for 70's/80's Bands by Song Title

Click here to take the quiz!

General Stats

  • This quiz has been taken 178 times
  • The average score is 15 of 28

Answer Stats

HintAnswer% Correct
JumpVan Halen
86%
Take On MeA-Ha
84%
ThunderstruckAC/DC
73%
House of the Rising SunThe Animals
73%
Free BirdLynyrd Skynyrd
72%
Dream OnAerosmith
68%
RosannaToto
68%
Money for NothingDire Straits
67%
Rock the CasbahThe Clash
67%
The JokerSteve Miller Band
66%
Love ShackThe B-52s
66%
MoneyPink Floyd
64%
Every Rose Has Its ThornPoison
63%
Here I Go AgainWhitesnake
59%
It's My LifeBon Jovi
58%
Cum on Feel the NoizeQuiet Riot
48%
Life in the Fast LaneThe Eagles
44%
Running Down a DreamTom Petty
43%
Heat of the MomentAsia
42%
ShoutTears For Fears
42%
Across the UniverseThe Beatles
38%
Just What I NeededThe Cars
37%
Misty Mountain HopLed Zeppelin
36%
Peace of MindBoston
34%
Your LoveThe Outfield
20%
SubdivisionsRush
18%
I've Been EverywhereJohnny Cash
12%
Hip To Be SquareHuey Lewis & The News
8%

Score Distribution

Percentile by Number Answered

Percent of People with Each Score

Your Score History

You have not taken this quiz